Mạng máy tính và các hệ thống mở

Giới thiệu khái niệm cơ bản về mạng máy tính, trình bày chi tiết mô hình tham chiếu 7 tầng của ISO về nối kết các hệ thống mở. kỹ thuật mạng cục bộ. Trình bày về Internet và họ giao thức TCP/IP, khái niệm cơ bản mạng tích hợp dịch vụ số...

Popoln opis

Shranjeno v:
Bibliografske podrobnosti
Glavni avtor: Nguyễn Thúc Hải (Tác giả)
Format: Knjiga
Jezik:Vietnamese
Izdano: H. Giáo dục 1999
Izdaja:Tái bản lần thứ nhất
Teme:
Oznake: Označite
Brez oznak, prvi označite!
Thư viện lưu trữ: Mạng thư viện Đại học Đà Nẵng
LEADER 01463nam a2200361 4500
001 000009272
003 5468
005 20120828140834.0
008 111026s1999 viesd
020 |c 30000đ 
041 0 |a vie 
082 |a 004.65  |b NG-H 
100 0 |a Nguyễn Thúc Hải  |e Tác giả 
245 0 |a Mạng máy tính và các hệ thống mở  |c Nguyễn Thúc Hải 
250 |a Tái bản lần thứ nhất 
260 |a H.  |b Giáo dục  |c 1999 
300 |a 299tr.  |c 27 cm 
504 |a Thư mục tr. 294 - 295 
520 |a Giới thiệu khái niệm cơ bản về mạng máy tính, trình bày chi tiết mô hình tham chiếu 7 tầng của ISO về nối kết các hệ thống mở. kỹ thuật mạng cục bộ. Trình bày về Internet và họ giao thức TCP/IP, khái niệm cơ bản mạng tích hợp dịch vụ số 
653 |a Mạng máy tính 
653 |a Các hệ thống mở 
653 |a Tin học 
700 |a Nguyễn Thúc Hải  |e Tác giả 
OWN |a LSP 
AVA |a UDN50  |b LSP  |d 004.65 NG-H  |e check_holdings  |t Error 5003 Not defined in file expand_doc_bib_avail.  |h N  |k 1 
999 |a From the UDN01 
AVA |a UDN50  |b LSP  |d 004.65 NG-H  |e available  |t Error 5001 Not defined in file expand_doc_bib_avail.  |f 240  |g 1  |h N  |i 8  |k 1 
TYP |a Monograph 
TYP |a Printed language 
980 |a Mạng thư viện Đại học Đà Nẵng